000 00573 a2200193 4500
020 _a0-471-20459-5
020 _a0-471-42920-1
040 _aDLC
_bDLC
082 0 0 _a005.1
100 1 _aBraude, Eric J.
245 1 0 _aSoftware design: from programming to architecture
_bfrom programming to architecture
_cEric J. Braude
260 _aNew York :
_bJ. Wiley,
_ccop. 2004
300 _axx, 550 s. :
_bill.
650 0 _aComputer software
_xDevelopment
650 0 _aSoftware patterns
650 0 _aSystemutveckling
650 0 _aSystem design
942 _cBK
_k005.1 BRA
_2ddc
999 _c5577
_d5577